| 000 | 00358 a2200133 4500 | ||
|---|---|---|---|
| 001 | 91362 | ||
| 082 | _aPR 1275 | ||
| 090 |
_c43484 _d43483 |
||
| 100 | _aIrfan Asif; Prof Wajid (Advisor) | ||
| 245 |
_aDesign and Simulation of an Engine Control Device _n48 "A" EC |
||
| 260 |
_aKarachi _bNED University _c1998 |
||
| 300 | _a73p | ||
| 500 | _aBE Project Reports | ||
| 942 |
_aCAE NUST _kPR 1275 |
||
| 999 |
_c326435 _d326435 |
||